Quizzes
Events
Quiz Creation
Community
Videos
Private Events
Remove Ads
Sign In
Join for FREE
Feedback
Dark Mode
Quiz Categories
Sports
Geography
Music
Movies
Television
Just For Fun
Miscellaneous
History
Literature
Language
Science
Gaming
Entertainment
Religion
Holiday
For Kids
Quiz Lab
Recent
Popular Today
Quiz Kudos Today
Editor Picks
Curator Picks
Quizzes by...
Day
Popularity
Type
Ratings
Length
Year
Community
Subscriptions
Recent Discussions
Orange Saloon
Badges
Playlists
Quests
Create
Leaderboards
Showdown
Live 5
Trivia Bingo
Activity
Puzzle Library
Sporcle Events
Private Events
Virtual Trivia
Globe League
Become a Host
Pub Owners
SporcleCon
Opinionation
Our Games
Videos
Blog
Mobile Apps
Partnerships
Remove Ads and Go Orange
Feedback
Music
Pop Music
The Beatles
Song
Album
Lyrics
Bands
Singers
Artist
Clip
Rock
Rap
Classical
Billboard
Country Music
Kpop
Taylor Swift
Music
Pop Music
The Beatles
Song
Album
Lyrics
Bands
Singers
Artist
Clip
Rock
Rap
Classical
Billboard
Country Music
Kpop
Taylor Swift
Random Quiz
Search Sporcle
×
Quiz Lab
Quiz Lab
Music
Billboard
Type in answers that appear in a list
Type in answers that appear in a list
Classic
Best Score? Go Orange.
Billboard Hot 100: John Mellencamp Stats
Can you name the John Mellencamp songs to chart in the Billboard Hot 100?
By
RogerAnthony
10m
29 Questions
229 Plays
229 Plays
229 Plays
Comments
Comments
Give Quiz Kudos
Give Quiz Kudos
-
- Ratings
hide this ad
Replay
Link that replays current quiz
Next Quiz
Link to next quiz in quiz playlist
You Got
0%
They Got
Avg Score
52%
Avg Friend Score
Upgrade to see
Score Distribution
Jump to the score distribution portion of the page
Score
0/29
Timer
10:00
0
Plays Today
Year
Song
% Correct
1982
Jack & Diane
95.6%
1983
Pink Houses
89.1%
1987
Cherry Bomb
81.7%
1986
R.O.C.K. in the U.S.A. (A Salute to '60s Rock)
79.9%
1982
Hurts So Good
78.6%
1985
Small Town
77.7%
1986
Rain on the Scarecrow
75.1%
1984
Authority Song
70.3%
1979
I Need a Lover
65.9%
1994
Wild Night
62.4%
1987
Paper in Fire
62%
1983
Crumblin' Down
61.6%
1981
Ain't Even Done With the Night
60.3%
1985
Lonely Ol' Night
56.8%
1988
Check It Out
50.2%
Year
Song
% Correct
1986
Rumbleseat
49.8%
1989
Pop Singer
44.1%
1982
Hand to Hold on To
43.2%
1996
Key West Intermezzo (I Saw You First)
43.2%
1994
Dance Naked
42.4%
1991
Get a Leg Up
41%
1989
Jackie Brown
39.7%
1993
Human Wheels
35.8%
1980
This Time
30.6%
2006
Our Country
30.1%
1992
Again Tonight
25.3%
1988
Rooty Toot Toot
17.5%
1997
Just Another Day
14.8%
1980
Small Paradise
10%
Quiz Playlist
Details
Report
Send in Message
Add To Playlist
Classic:
Type in answers that appear in a list
Last Updated: Feb 16, 2017
Quiz Scoreboard
CHALLENGE
Sign Up to Join the Scoreboard
Show All
Scores
Hide
Comments
May contain spoilers
Recently Published
Alphabetical 'K' Countries by Flag Minefield
by ylime102
Geography
3m
Pick 6: Fruits
by JohnFran
Miscellaneous
15s
Click the 1999 NBA Draft
by nibperrychub
Sports
2m
More to Explore
Quiz From the Vault
Featured Blog Post
15 Basketball Trivia Facts You Can Be March Mad About
hide this ad
You Might Also Like...
Tags
Billboard Quiz
Chart Hits
John Mellencamp
mellencamp
Music Charts
Today's Top Quizzes in Music
Browse Music
hide this ad
Today's Top Quizzes in Billboard
Browse Billboard
Top Contributed Quizzes in Music
1
Taylor Swift All Songs (2024)
2
KPOP LOGIC QUIZ
3
A Taylor Swift Logic Puzzle
4
Guess the Taylor Swift song (Mystery Song)
5
K-Pop Murder Mystery Logic Quiz
6
Taylor Swift Logic Puzzle
7
Guess The Taylor Swift Lyrics Song #1
8
kpop group name match up
9
NCT 2020 Logic Puzzle
10
K-Pop : 100 Debut Songs (Part 1 of 3)
Explore More
Trending Topics
Harry Potter
Kpop
NBA
Disney
Anime
Marvel
Crossword
Song
Puzzle
The Office
Country
NFL
Pokémon
Soccer
WWE
hide this ad
More By:
RogerAnthony
Quiz
Plays
Rating
Category
Featured
Created
40 Greatest Yankees
3,036
4.00
Sports
Dec 8, 2010
Billboard Hot 100: Green Day
1,751
4.50
Music
May 15, 2011
Every Hartford Whaler
686
4.43
Sports
Jul 4, 2012
Longest running US primetime scripted TV series
452
4.00
Television
Jan 17, 2014
MLB Players Born in Japan
383
5.00
Sports
Mar 21, 2019
Go to Creator's Profile
Score Distribution
Quiz Creator Spotlight
RogerAnthony
Follow
Send a Message
Quizzes Created
-
Created Quiz Play Count
-
More By This Creator
Popular Quizzes Today
1
Countries of Asia Without Outlines Minefield
2
Find the US States - No Outlines Minefield
3
Pick 6: Fruits
4
Alphabetical 'K' Countries by Flag Minefield
5
The Countries of the World
6
Find the US States
7
US States
8
Match the Book to the Film X
More Music Quizzes
30 Two-Word 'G' Musicians Match-Up
Published
Trending Quizzes
Pick 6: Mountains
Pick 6: Harry Potter
Pick 6: NFL Teams
Pick 6: Movie Franchises
Pick 6: Golfers
Recently Updated
NWSL Teams
pecheneg
Women's Final Four Teams by Year
bhenderson79
Presidents Quartet II
eogle
Anything But Clue(do)
eogle
Anything But Oceanian Capitals
eogle
Anything But 7
eogle
Anything But Thing
eogle
Word Ladder: February 29
pecheneg
Song Title Questions
pecheneg
Women's NCAA Tournament #1 Seeds
pecheneg
Trending Topics
Marvel
NBA
Harry Potter
Crossword
Disney
Kpop
Anime
Song
Soccer
Country
WWE
Pokémon
NFL
The Office
Puzzle
Your Account Isn't Verified!
In order to create a playlist on Sporcle, you need to verify the email address you used during registration. Go to your
Sporcle Settings
to finish the process.
Report this User
Report this user for behavior that violates our
Community Guidelines
.
Details:
Send Report
Go to the Sporcle.com Mobile Site →
Comments